| 000 | 00473nam a2200169Ia 4500 | ||
|---|---|---|---|
| 008 | 220204s9999 xx 000 0 und d | ||
| 020 | _a9788190651011 | ||
| 082 |
_a330.341(540) _bJAF |
||
| 100 | _aJaffrelot, Christophe | ||
| 245 | 0 | _aIndia since 1950: Society, politics, economy and culture | |
| 260 |
_aNew Delhi _bYatra Books _c2012 |
||
| 650 | _aEconomic development | ||
| 650 | _aEconomic reforms | ||
| 650 | _aIndian literature | ||
| 650 | _aMedia | ||
| 942 | _cBK | ||
| 999 |
_c43111 _d43111 |
||